00687 2200265 4500001002100000005001700021008004100038020001800079035002400097082001000121090001700131100002300148245004400171250001100215260002800226300002900254500003100283650003000314850001500344980001300359985000600372986001300378999001500391999001500406YOGYA-0209000001423620090227022410.0 ind  a979-421-160-5 0010-020900000014236 a338.1 a338.1bJum D aJUMIN, Hasan Basri aDasar-dasar agronomicHasan Basri Jumin aCet. 2 aJakartabRajawalic1991 axi, 140 hlmbilusc21 cm aBibliografi : hlm. 137-140 aPertanian - Aspek ekonomi aYOPDYOG(B) a15-07-05 a2 aerrthrev a93P0037846 a93P0037847